| 000 | 00749nam a22002295a 4500 | ||
|---|---|---|---|
| 008 | 150624s2014 ii a fr 001 0 eng d | ||
| 020 | _a9789351521952 | ||
| 040 |
_aEG-ScBUE _beng _dEG-ScBUE |
||
| 082 | 0 | 4 |
_a610.730285 _bDEL _222 |
| 100 | 1 |
_aD., Elakkuvana Bhaskara Raj. _938409 |
|
| 245 | 1 | 0 |
_aNursing informatics / _cElakkuvana Bhashara Raj D., Anbu T. |
| 250 | _a1st ed. | ||
| 260 |
_aNew Delhi : _bJaypee Brothers Medical Publishers, _c2014. |
||
| 300 |
_axiv, 196 p. : _bill. ; _c17 cm. |
||
| 500 | _aIndex : p. 191-196. | ||
| 650 | 0 |
_aNursing informatics. _2BUEsh |
|
| 650 | 0 |
_aNursing _xData processing. _2BUEsh _927240 |
|
| 651 | _2BUEsh | ||
| 653 |
_bNNUR _cJune2015 _cSeptember2015 |
||
| 700 | 1 | _aT., Anbu. | |
| 942 |
_2ddc _k610.730285 DEL |
||
| 999 |
_c19869 _d19841 |
||